Poder, estado y discurso : perspectivas sociológicas y semiológicas del discurso político jurídico /

Guardat en:
Dades bibliogràfiques
Autor principal: Giménez, Gilberto
Format: Desconegut
Idioma:Spanish
Publicat: México : Universidad Nacional Autonoma de México, 1989.
Matèries:
Etiquetes: Afegir etiqueta
Sense etiquetes, Sigues el primer a etiquetar aquest registre!

MARC

LEADER 000000000a22000000004500
001 002078
020 |a 9683609937 
041 0 |a spa 
082 0 4 |a 349.72   |b G491p 
100 1 |a Giménez, Gilberto 
245 1 0 |a Poder, estado y discurso :   |b perspectivas sociológicas y semiológicas del discurso político jurídico /   |c Gilberto Giménez. 
260 1 |a México :   |b Universidad Nacional Autonoma de México,   |c 1989. 
650 4 |a MEXICO 
650 4 |a FILOSOFIA 
650 4 |a HISTORIA CONSTITUCIONAL 
650 4 |a LEGISLACION 
999 |c 8679  |d 8679 
942 |c BK  |h 349.72 G491p  |2 z